LEADER 01037nam a2200253 i 4500 001 991000598809707536 005 20020506132731.0 008 000908s1960 de ||| | ger 035 $ab10723535-39ule_inst 035 $aEXGIL148350$9ExL 040 $aBiblioteca Interfacoltà$bita 082 0 $a832.7 100 1 $aGrabbe, Christian Dietrich$0203613 245 10$aWerke /$cChristian Dietrich Grabbe 260 $aEmsdetten :$bLechte,$c1960-1963 300 $a3 v. ;$c21 cm. 907 $a.b10723535$b02-04-14$c28-06-02 912 $a991000598809707536 945 $aLE002 Ted. III B 9 I$cV. 1$g1$i2002000936011$lle002$o-$pE0.00$q-$rl$s- $t0$u0$v0$w0$x0$y.i10820590$z28-06-02 945 $aLE002 Ted. III B 9 III$cV. 3$g1$i2002000936110$lle002$o-$pE0.00$q-$rl$s- $t0$u0$v0$w0$x0$y.i10820607$z28-06-02 945 $aLE002 Ted. III B 9 II$cV. 2$g1$i2002000936127$lle002$o-$pE0.00$q-$rl$s- $t0$u0$v0$w0$x0$y.i10820619$z28-06-02 996 $aWerke$9166207 997 $aUNISALENTO 998 $ale002$b01-01-00$cm$da $e-$fger$gde $h0$i3